[Event "56.SMM ASD Arci BZ-Klausen/Rk"]
[Site "?"]
[Date "2024.11.16"]
[Round "2.3"]
[White "Bodrov, Timofey"]
[Black "Gasparro, Antonio"]
[Result "1-0"]
[WhiteElo "2089"]
[BlackElo "1664"]
[PlyCount "63"]
[EventDate "2024.??.??"]

{[%evp 0,63,20,15,15,15,71,43,8,17,43,27,51,44,44,44,53,59,54,53,57,55,61,63,63,31,43,29,25,22,67,64,46,46,60,0,0,0,88,89,89,101,99,95,96,96,107,33,197,185,182,157,160,160,162,186,218,220,323,264,342,355,375,395,412,277]} 1. e4 e5 2. Nf3 Nf6 3. d4 Nxe4 4. Nxe5 d5 5. Bd3 Nc6 6. Nxc6 bxc6 7. Qe2 Qe7 8. O-O Nf6 9. Qd1 Qd6 10. Re1+ Be7 11. b3 Be6 12. f4 g6 13. Qf3 Qd7 14. c3 O-O 15. f5 Bxf5 16. Bxf5 gxf5 17. Bh6 Rfe8 18. Nd2 Bf8 19. Qg3+ Kh8 20. Bxf8 Rxf8 21. Qe5 Qd6 22. Qxf5 Rg8 23. Nf3 Ne4 24. Ne5 Qf6 25. Qxf6+ Nxf6 26. Nxf7+ Kg7 27. Ne5 Ne4 28. Nxc6 Nxc3 29. Re7+ Kg6 30. Rc1 Ne4 31. Ne5+ Kf6 32. Rcxc7 1-0

[Event "56.SMM ASD Arci BZ-Klausen/Rk"]
[Site "?"]
[Date "2024.11.16"]
[Round "2.4"]
[White "De Vita, Gianni"]
[Black "Haller, Quentin"]
[Result "0-1"]
[WhiteElo "1950"]
[BlackElo "2050"]
[PlyCount "80"]
[EventDate "2024.??.??"]

{[%evp 0,80,20,15,52,66,46,15,1,18,22,24,9,15,15,14,45,44,19,2,19,-40,-15,-27,10,-11,1,5,-9,-115,-102,-221,-217,-223,-201,-206,-199,-199,-140,-160,-150,-169,-160,-163,-139,-129,-121,-145,-140,-197,-197,-194,-196,-193,-182,-195,-186,-186,-186,-186,-185,-186,-174,-186,-186,-189,-197,-316,-327,-329,-276,-296,-304,-267,-300,-297,-272,-582,-578,-583,-592,-593,-602]} 1. e4 c5 2. Nf3 e6 3. c3 d5 4. exd5 Qxd5 5. d4 Nf6 6. Bd3 Nc6 7. O-O Be7 8. Na3 O-O 9. Nc2 Rd8 10. Qe2 b6 11. Rd1 Qh5 12. dxc5 Bxc5 13. Bf4 Bb7 14. Ne5 Nxe5 15. Qxh5 Nxd3 16. Qh4 Bxf2+ 17. Qxf2 Nxf2 18. Kxf2 g5 19. Bg3 Ne4+ 20. Kg1 Nxg3 21. hxg3 Kg7 22. Nd4 Rd5 23. Re1 Kg6 24. Re2 e5 25. Nf3 f6 26. g4 Rad8 27. Kf2 Bc8 28. Re4 Rd3 29. Rh1 Bb7 30. Re2 R8d5 31. Rh3 Rd1 32. c4 R5d3 33. Ne1 Rd4 34. Rc3 R1d2 35. c5 bxc5 36. Rxc5 Rf4+ 37. Ke3 Rdd4 38. Rc7 Ba6 39. Rec2 Rde4+ 40. Kd2 Re2+ 0-1

[Event "56.SMM ASD Arci BZ-Klausen/Rk"]
[Site "?"]
[Date "2024.11.16"]
[Round "2.5"]
[White "Seebacher, Reinhard"]
[Black "Borgese, Alessio"]
[Result "1-0"]
[WhiteElo "1951"]
[BlackElo "1638"]
[PlyCount "91"]
[EventDate "2024.??.??"]

{[%evp 0,91,20,29,29,-14,14,21,8,15,19,34,17,23,17,4,12,11,11,-1,-5,0,19,14,5,11,98,-5,-6,9,17,20,52,0,-4,-13,2,-25,-2,-2,4,-27,-45,-59,-48,-20,-21,-56,-31,-33,-78,-72,-64,-84,-90,-85,-82,-83,-87,-45,-28,-64,-60,-92,-68,-119,-102,-102,-96,-143,-154,-170,-128,-143,-53,-47,-47,-202,0,0,96,0,69,67,188,188,130,197,559,825,1125,1165,1711,1401]} 1. Nf3 Nf6 2. g3 g6 3. Bg2 Bg7 4. c4 c5 5. Nc3 Nc6 6. O-O d6 7. d3 Bg4 8. h3 Bd7 9. Rb1 Qc8 10. Kh2 h5 11. Nd5 Nxd5 12. cxd5 Ne5 13. Nxe5 Bxe5 14. f4 Bf6 15. e4 b5 16. Qe1 O-O 17. e5 Bg7 18. b3 a5 19. Bb2 Bf5 20. Rd1 a4 21. Rf2 axb3 22. axb3 Ra2 23. Rdd2 Qc7 24. Qe2 Rxb2 25. Rxb2 dxe5 26. Ra2 exf4 27. gxf4 Bd4 28. Rf1 Rd8 29. Be4 Bc8 30. Ra8 Kg7 31. Bg2 Rd6 32. Rxc8 Qxc8 33. Qxe7 Qd7 34. Qe4 Ra6 35. b4 Ra4 36. bxc5 Bg1+ 37. Kxg1 Rxe4 38. dxe4 Qc7 39. c6 f6 40. Rb1 Qb6+ 41. Kh1 g5 42. e5 gxf4 43. d6 fxe5 44. c7 Qc5 45. Bb7 Qc3 46. c8=Q 1-0

[Event "56.SMM ASD Arci BZ-Klausen/Rk"]
[Site "?"]
[Date "2024.11.16"]
[Round "2.6"]
[White "Egger, Jakob"]
[Black "Schrott, Karl"]
[Result "0-1"]
[WhiteElo "1693"]
[BlackElo "1957"]
[PlyCount "42"]
[EventDate "2024.??.??"]

{[%evp 0,42,20,20,20,-11,4,4,10,-11,-11,4,13,25,22,10,43,29,40,44,41,33,46,24,50,15,16,19,11,11,25,-23,7,-22,-16,-14,-17,-223,-226,-263,-246,-277,-206,-204,-196]} 1. d4 d5 2. c4 e6 3. Nc3 Nf6 4. cxd5 exd5 5. Bg5 Be7 6. e3 O-O 7. Bd3 Nbd7 8. Rc1 c6 9. Nge2 Re8 10. O-O Ne4 11. Bxe7 Qxe7 12. Ng3 Ndf6 13. Ngxe4 dxe4 14. Be2 Be6 15. f3 Bd5 16. fxe4 Nxe4 17. Nxd5 cxd5 18. Qb3 Nd2 19. Qxd5 Nxf1 20. Rxf1 Rad8 21. Qf3 Qxe3+ 0-1

[Event "56.SMM B Sparkasse T.-Deutschnofen/Alp2"]
[Site "?"]
[Date "2024.11.16"]
[Round "2.4"]
[White "Ratschiller, Manuel"]
[Black "Kofler, Stefan"]
[Result "1-0"]
[WhiteElo "1713"]
[BlackElo "1553"]
[PlyCount "65"]
[EventDate "2024.??.??"]
[SourceVersionDate "2024.11.20"]

{[%evp 0,65,19,31,34,19,13,14,26,-18,30,-14,5,-21,35,24,33,30,32,26,38,39,156,115,118,155,157,145,154,71,186,194,356,354,355,359,370,370,371,362,365,382,378,385,378,359,362,364,376,367,380,394,386,397,425,418,486,514,512,410,417,360,470,472,654,504,516,531]} 1. e4 e5 2. Nf3 Nc6 3. d4 exd4 4. Bc4 Bb4+ 5. Bd2 Bxd2+ 6. Qxd2 d6 7. Nxd4 Nxd4 8. Qxd4 Qf6 9. Qc3 Be6 10. Bb5+ c6 11. Bxc6+ Ke7 12. Bxb7 Qxc3+ 13. Nxc3 Rb8 14. Nd5+ Bxd5 15. Bxd5 Rxb2 16. Bb3 Nf6 17. f3 Nd7 18. O-O-O Rxb3 19. axb3 Rc8 20. Kb2 Nc5 21. Rd5 Rb8 22. Ka3 Rb6 23. e5 Nb7 24. exd6+ Nxd6 25. Re1+ Kf6 26. c4 g6 27. Ra5 Rb7 28. Ra6 Rb6 29. Rxb6 axb6 30. g4 Kg5 31. Rd1 Nb7 32. Rd7 Nc5 33. Rxf7 1-0

[Event "56.SMM B Sparkasse T.-Deutschnofen/Alp2"]
[Site "?"]
[Date "2024.11.16"]
[Round "2.5"]
[White "Brunner, Martin"]
[Black "Hofer, Werner"]
[Result "0-1"]
[WhiteElo "1516"]
[BlackElo "1705"]
[PlyCount "55"]
[EventDate "2024.??.??"]
[SourceVersionDate "2024.11.19"]

{[%evp 0,55,28,28,70,39,42,49,34,39,48,23,34,50,51,11,21,21,7,-14,23,2,13,-56,-56,-62,-62,-107,-113,-135,-110,-127,-116,-108,-119,-148,-116,-145,-138,-88,-53,-71,-59,-83,-75,-76,-102,-101,-61,-275,-316,-346,-161,-184,-161,-277,-155,-1623]} 1. d4 f5 2. e3 Nf6 3. Nc3 e6 4. Nf3 d5 5. Ne5 c6 6. Be2 Bd6 7. Nd3 O-O 8. O-O Nbd7 9. b3 Qc7 10. g3 Ne4 11. Nxe4 fxe4 12. Ne1 Nf6 13. a4 e5 14. Ba3 Bh3 15. Bxd6 Qxd6 16. Ng2 a6 17. Re1 Nd7 18. c4 Qf6 19. Rf1 Rad8 20. cxd5 cxd5 21. Bg4 Bxg4 22. Qxg4 exd4 23. exd4 Qxd4 24. Rfd1 Qxf2+ 25. Kh1 Qf6 26. Nf4 Nc5 27. b4 Nd3 28. Ne6 0-1

[Event "56.SMM B Ridnaun/Sterzing-J.Richter/L.2"]
[Site "?"]
[Date "2024.11.16"]
[Round "2.1"]
[White "Fongarolli, Diego"]
[Black "Aigner, Helmut"]
[Result "1/2-1/2"]
[WhiteElo "1943"]
[BlackElo "1912"]
[PlyCount "74"]
[EventDate "2024.??.??"]
[SourceVersionDate "2024.11.21"]

{[%evp 0,74,19,31,34,19,13,4,13,-6,-4,-2,24,-2,-3,1,16,1,4,4,1,-4,14,0,0,3,28,3,12,-10,-10,-6,20,7,25,8,-6,-8,1,-84,60,28,27,35,26,0,33,2,-7,0,96,127,117,126,162,105,146,115,108,46,61,40,92,67,92,-12,0,0,15,0,139,76,46,30,30,-49,-46]} 1. e4 e5 2. Nf3 Nc6 3. Bb5 a6 4. Ba4 Nf6 5. O-O Be7 6. Re1 b5 7. Bb3 O-O 8. a4 b4 9. d3 d6 10. Nbd2 Bg4 11. c3 Rb8 12. h3 Bh5 13. g4 Bg6 14. d4 Re8 15. Bc4 exd4 16. cxd4 Qc8 17. Bf1 Bf8 18. Qc2 Qb7 19. Bd3 Na5 20. Nh4 c5 21. Nxg6 hxg6 22. g5 Nd7 23. d5 Ne5 24. Be2 Qc7 25. f4 Nd7 26. Bxa6 Qa7 27. Bc4 Nb6 28. b3 Naxc4 29. Nxc4 Nxd5 30. Bd2 Nb6 31. a5 Nxc4 32. bxc4 Rbd8 33. a6 Qd7 34. Kh2 d5 35. exd5 Rxe1 36. Bxe1 Bd6 37. a7 Ra8 1/2-1/2

[Event "56.SMM B Steinegg/Rk-ASD Arci BZ 3"]
[Site "Shredder fur iPad"]
[Date "2024.11.16"]
[Round "2.1"]
[White "Puechler, Ruben"]
[Black "Engl, Stefan"]
[Result "0-1"]
[WhiteElo "1797"]
[BlackElo "2004"]
[PlyCount "76"]
[EventDate "2024.??.??"]

{[%evp 0,76,19,38,30,51,38,33,13,1,7,7,0,6,27,8,1,-32,11,9,25,-20,-41,-7,-7,-15,14,27,24,30,22,39,39,35,55,45,53,15,19,26,55,-22,5,-68,-53,-66,-50,-54,-56,-78,-58,-100,-100,-74,-101,-102,-95,-100,-100,-94,-109,-155,-210,-222,-240,-248,-263,-285,-294,-292,-216,-226,-231,-221,-246,-243,-275,-2410,-1256]} 1. e4 e6 2. d4 d5 3. e5 c5 4. c3 Nc6 5. Nf3 Qb6 6. a3 f6 7. Bd3 fxe5 8. Nxe5 Nxe5 9. dxe5 Ne7 10. O-O c4 11. Bc2 g6 12. Qe2 Bg7 13. Be3 Qc7 14. f4 Bd7 15. Nd2 O-O 16. Nf3 b5 17. Rae1 a5 18. h4 Nf5 19. Bf2 Nh6 20. Be3 Ng4 21. Nh2 Nxe3 22. Qxe3 Qa7 23. Qxa7 Rxa7 24. g3 Rb8 25. Nf3 b4 26. axb4 axb4 27. Ra1 Rba8 28. Rxa7 Rxa7 29. Nd4 Bf8 30. Bd1 Ra2 31. Rf2 Ra1 32. Rf1 Rb1 33. Bg4 Rxb2 34. cxb4 c3 35. Rc1 Bxb4 36. Kf1 Kf7 37. Nc2 Bc5 38. Ne1 Bb5+ 0-1

[Event "56.SMM B Steinegg/Rk-ASD Arci BZ 3"]
[Site "Shredder fur iPad"]
[Date "2024.11.16"]
[Round "2.2"]
[White "Pichler, Martin"]
[Black "Addante, Francesco"]
[Result "1/2-1/2"]
[WhiteElo "1930"]
[BlackElo "1805"]
[PlyCount "105"]
[EventDate "2024.??.??"]

{[%evp 0,105,20,8,28,28,62,25,50,35,83,68,118,39,76,45,48,56,44,42,48,20,21,18,13,17,29,24,18,16,16,12,56,35,56,35,50,44,52,51,66,73,67,37,88,74,64,54,86,58,48,74,122,55,150,64,120,144,157,134,142,129,139,91,77,80,80,-24,-14,-14,-29,-67,-52,-83,1,0,-73,-89,-102,-133,-133,-138,-100,-134,-139,-182,-163,-169,-167,-167,-169,-169,-168,-168,-168,-168,-168,-168,-168,-168,-168,-149,-149,-149,-147,-149,-149,-149]} 1. e4 d5 2. exd5 Qxd5 3. d4 Nc6 4. Nf3 Bg4 5. Nc3 Qd7 6. Be3 O-O-O 7. Bb5 Nf6 8. h3 Bxf3 9. Qxf3 e6 10. Bxc6 Qxc6 11. Qxc6 bxc6 12. O-O-O h6 13. a3 Be7 14. Rhe1 Nd5 15. Ne4 Nb6 16. c3 Rd5 17. f3 Rhd8 18. Kc2 Nc4 19. Bc1 Nb6 20. b3 Kb7 21. a4 Kc8 22. Be3 R5d7 23. c4 Bb4 24. Rg1 a5 25. g4 f5 26. Nc5 Re7 27. g5 Nd7 28. Nd3 e5 29. Nxb4 axb4 30. gxh6 gxh6 31. Bxh6 exd4 32. Rxd4 Rh8 33. Rg6 Ne5 34. Rf6 Nxf3 35. Rf4 Ne1+ 36. Kb1 Kb7 37. R4xf5 Rd8 38. Rf2 Rd1+ 39. Ka2 Nd3 40. Bd2 Nxf2 41. Rxf2 c5 42. h4 Rh1 43. Bg5 Ree1 44. Kb2 Rh3 45. Ka2 Rd1 46. Re2 Rdd3 47. Rb2 Kb6 48. Be7 Rde3 49. Bg5 Rd3 50. Be7 Rd1 51. Re2 Rhh1 52. Bf6 Rd6 53. Bg5 1/2-1/2

[Event "56.SMM B Steinegg/Rk-ASD Arci BZ 3"]
[Site "Shredder fur iPad"]
[Date "2024.11.16"]
[Round "2.3"]
[White "Terletskyi, Oleh Mycola"]
[Black "Engl, Alexander"]
[Result "1-0"]
[WhiteElo "1730"]
[BlackElo "1906"]
[PlyCount "51"]
[EventDate "2024.??.??"]

{[%evp 0,51,26,24,32,-21,31,32,33,32,33,44,38,8,21,10,91,91,99,64,64,56,115,116,162,162,185,189,189,189,165,184,226,229,264,190,192,150,242,184,220,180,168,175,175,175,175,175,212,-69,97,181,417,422]} 1. d4 Nf6 2. c4 g6 3. Nc3 Bg7 4. e4 d6 5. Be2 O-O 6. h4 h5 7. Bg5 e5 8. dxe5 dxe5 9. Qxd8 Rxd8 10. Nd5 Nbd7 11. O-O-O Nxe4 12. Bxd8 Nxf2 13. Nxc7 Rb8 14. Nf3 Nxh1 15. Rxh1 Nc5 16. Be7 Ne4 17. Rd1 Bf5 18. Ng5 Bh6 19. Bf3 Nf2 20. Rd2 Nd3+ 21. Kd1 Rc8 22. Nd5 Rxc4 23. Nf6+ Kg7 24. Nge4 Rc1+ 25. Ke2 Re1+ 26. Kxd3 1-0

[Event "56.SMM B Steinegg/Rk-ASD Arci BZ 3"]
[Site "Shredder fur iPad"]
[Date "2024.11.16"]
[Round "2.4"]
[White "Lantschner, Carmen"]
[Black "Feichter, Matthias"]
[Result "1-0"]
[WhiteElo "1799"]
[BlackElo "1731"]
[PlyCount "85"]
[EventDate "2024.??.??"]

{[%evp 0,85,25,20,41,60,84,67,66,55,64,38,69,37,20,11,62,44,47,11,5,22,21,11,68,59,97,55,67,73,59,39,69,26,27,31,48,-23,0,0,0,0,53,56,68,69,69,69,87,51,32,29,15,9,56,-11,75,2,81,71,83,89,94,89,133,52,61,61,72,43,83,32,84,119,209,81,273,270,326,87,276,301,296,353,586,685,1121,1186]} 1. e4 c5 2. Nf3 d6 3. d4 cxd4 4. Nxd4 Nf6 5. Nc3 a6 6. Bd3 e5 7. Nf3 Nbd7 8. O-O Qc7 9. Nd5 Nxd5 10. exd5 Be7 11. c4 Nf6 12. Re1 Bg4 13. h3 Bh5 14. b3 O-O 15. Bb2 b6 16. Be2 Bg6 17. Nh4 Be4 18. f3 Qc5+ 19. Kh2 Qf2 20. fxe4 Qxh4 21. Bf3 Qf4+ 22. g3 Qh6 23. Qe2 g6 24. Qf2 Nd7 25. Bg4 Nc5 26. Rad1 a5 27. h4 Qg7 28. Qe3 h5 29. Bh3 Kh7 30. Rf1 f6 31. Bc1 Rf7 32. Rg1 f5 33. exf5 gxf5 34. Rdf1 Raf8 35. Rf3 Rf6 36. Qf2 Qf7 37. Rf1 Kg6 38. Qe3 Kh7 39. a3 Bd8 40. b4 axb4 41. axb4 Ne4 42. Bxf5+ Rxf5 43. Rxf5 1-0

[Event "56.SMM B Steinegg/Rk-ASD Arci BZ 3"]
[Site "Shredder fur iPad"]
[Date "2024.11.16"]
[Round "2.5"]
[White "Mantuano, Nathan"]
[Black "Schroffenegger, Simon"]
[Result "1-0"]
[WhiteElo "1611"]
[BlackElo "1753"]
[PlyCount "129"]
[EventDate "2024.??.??"]

{[%evp 0,129,20,42,25,17,106,65,84,77,66,74,50,58,49,41,41,-34,-16,-22,-1,-24,-3,-31,28,-30,-26,-19,25,27,32,33,33,33,16,11,27,55,73,59,66,64,65,48,81,45,73,75,71,70,113,116,141,110,108,107,99,119,207,116,98,154,160,128,107,130,145,118,159,134,149,156,163,150,159,117,121,98,93,50,64,79,90,108,108,104,227,231,237,237,218,94,116,112,112,112,102,108,145,127,152,141,202,112,112,112,112,112,112,108,108,108,112,108,108,108,517,104,527,537,547,547,557,557,557,29962,29963,29962,29983,29984,29989,29990]} 1. e4 e5 2. Nc3 f5 3. Bc4 Nf6 4. d3 c6 5. Nf3 d5 6. exd5 cxd5 7. Bb5+ Bd7 8. Bxd7+ Nbxd7 9. d4 e4 10. Ne5 Bb4 11. Bd2 Ba5 12. Nxd7 Qxd7 13. Nxe4 fxe4 14. Bxa5 Qb5 15. Bc3 O-O 16. Qe2 Qxe2+ 17. Kxe2 Ng4 18. Raf1 Rae8 19. h3 Nf6 20. Bb4 Rf7 21. Ke3 b6 22. Rc1 a5 23. Bd6 Re6 24. Bg3 g5 25. h4 Nh5 26. Be5 Nf4 27. hxg5 Nxg2+ 28. Ke2 Rg6 29. Rh6 b5 30. Rxg6+ hxg6 31. Rh1 Nf4+ 32. Bxf4 Rxf4 33. Rh3 b4 34. a3 Rf7 35. axb4 axb4 36. Rb3 Rc7 37. c3 bxc3 38. Rxc3 Rb7 39. b3 Kf7 40. f3 Ke6 41. fxe4 dxe4 42. Ke3 Kd5 43. Rc5+ Kd6 44. Kxe4 Rxb3 45. Rc8 Rb5 46. Rd8+ Ke7 47. Rd5 Rb1 48. Ra5 Re1+ 49. Kd5 Rg1 50. Kc6 Kf7 51. Ra7+ Kf8 52. d5 Rxg5 53. d6 Rg1 54. Kc7 Rd1 55. d7 Ke7 56. Kc8 Rxd7 57. Rxd7+ Kf6 58. Kc7 g5 59. Kd6 g4 60. Kd5 Kf5 61. Rf7+ Kg6 62. Rf1 Kg5 63. Ke4 Kh4 64. Kf4 Kh3 65. Rg1 1-0

[Event "56.SMM B ASD Arci BZ 2-Klausen/Rk 2"]
[Site "?"]
[Date "2024.11.16"]
[Round "2.3"]
[White "Blasbichler, Robert"]
[Black "Pichler, Klaus"]
[Result "0-1"]
[WhiteElo "1778"]
[BlackElo "1818"]
[PlyCount "74"]
[EventDate "2024.??.??"]

{[%evp 0,74,28,38,37,39,51,43,25,-4,-4,-64,-49,-49,-33,-39,-10,-10,-15,-15,16,16,16,29,22,22,18,-7,26,-11,8,5,5,-58,-40,-43,-29,-73,-75,-91,-75,-81,-86,-96,-91,-130,-98,-164,-135,-126,-116,-126,-51,-104,-43,-43,-75,-76,-76,-76,-102,-90,-85,-70,349,-136,-136,-136,-161,-174,-151,-328,-306,-359,-272,-301,-290]} 1. e4 d5 2. exd5 Qxd5 3. d4 e5 4. Be3 Nc6 5. c3 Nf6 6. Nf3 Bg4 7. Be2 exd4 8. cxd4 Bb4+ 9. Nc3 Ne4 10. Rc1 Qxa2 11. O-O Bxc3 12. bxc3 O-O 13. Re1 Qa5 14. Qc2 Rfe8 15. h3 Bh5 16. Nh2 Bxe2 17. Rxe2 Nf6 18. Qb1 b6 19. Ra2 Qd5 20. c4 Qe4 21. Qb2 a5 22. Qd2 Rad8 23. Rd1 Nb4 24. Rb2 c5 25. Nf3 a4 26. Qc3 Qa8 27. Ra1 Qa6 28. dxc5 bxc5 29. Bxc5 Nd3 30. Rb6 Qc8 31. Bd4 Nd5 32. Qa5 Nxb6 33. Bxb6 Rd6 34. c5 Rg6 35. Kf1 Qe6 36. Qd2 Qc4 37. Kg1 h6 0-1

[Event "56.SMM B ASD Arci BZ 2-Klausen/Rk 2"]
[Site "?"]
[Date "2024.11.16"]
[Round "2.4"]
[White "De Nisi, Roberta"]
[Black "Senn, Stefan"]
[Result "1-0"]
[WhiteElo "1842"]
[BlackElo "1640"]
[PlyCount "165"]
[EventDate "2024.??.??"]
[SourceVersionDate "2024.11.24"]

{[%evp 0,165,31,18,69,30,30,18,30,33,16,15,27,21,25,24,30,35,43,23,32,-1,32,44,50,32,64,20,48,44,48,45,50,31,32,33,46,20,16,0,16,5,16,25,37,-8,1,2,-4,0,33,16,41,3,27,32,38,7,69,63,61,51,57,46,40,34,40,57,46,43,49,49,72,35,36,40,33,6,68,89,294,294,401,396,377,371,400,400,421,245,270,270,380,320,314,296,312,313,322,322,323,328,330,343,365,405,399,329,393,347,401,416,423,428,438,446,479,495,514,536,570,589,592,549,593,558,589,576,578,578,592,593,654,676,698,642,1082,695,698,698,739,739,739,658,739,732,733,774,918,1336,1715,916,1157,1037,1264,1299,29987,29988,29989,29990,29991,29992,29995,29996,29997,29998,29999,-30000]} 1. d4 c6 2. c4 d5 3. cxd5 cxd5 4. Nc3 Nf6 5. Nf3 e6 6. Bg5 Be7 7. e3 Nc6 8. Bd3 h6 9. Bh4 Bd7 10. Rc1 a6 11. O-O O-O 12. Bb1 Re8 13. Qd3 Nb4 14. Qe2 Nh7 15. Bxe7 Qxe7 16. a3 Nc6 17. Qd3 f5 18. Rfe1 Nf6 19. Ba2 Rf8 20. Nd2 Rac8 21. f3 Qf7 22. Ne2 Ne7 23. Rxc8 Rxc8 24. Nc3 Ng6 25. Bb1 Rf8 26. Rc1 Bc6 27. b4 Nd7 28. a4 Nb8 29. b5 Be8 30. Nb3 axb5 31. axb5 b6 32. Qe2 Qb7 33. Bd3 Bf7 34. Qb2 Nd7 35. Na2 Ne7 36. Nb4 Rc8 37. Rxc8+ Qxc8 38. Qc1 Qd8 39. Nc6 Nxc6 40. bxc6 b5 41. cxd7 Qxd7 42. Nc5 Qc6 43. Qa3 Be8 44. Qa6 Qxa6 45. Nxa6 Bd7 46. Kf2 Kf7 47. Ke2 Ke7 48. Kd2 Kd6 49. Kc3 e5 50. dxe5+ Kxe5 51. Nc5 Bc6 52. f4+ Kf6 53. Kd4 g5 54. g3 h5 55. h4 gxf4 56. gxf4 b4 57. Bc2 Be8 58. Nd3 Bb5 59. Nxb4 Be2 60. Nxd5+ Ke6 61. Nc3 Bf3 62. Bb3+ Kf6 63. Bd5 Bg4 64. Kc5 Ke7 65. Kc6 Kf6 66. Kd6 Bh3 67. Bf3 Bg4 68. Bg2 Kf7 69. Ke5 Kg6 70. Ke6 Kg7 71. Nd5 Kg6 72. Ne7+ Kg7 73. Nxf5+ Kg6 74. e4 Be2 75. Ne7+ Kg7 76. f5 Bc4+ 77. Nd5 Bb5 78. Ke7 Ba6 79. f6+ Kh7 80. f7 Bc4 81. f8=Q Bxd5 82. exd5 Kg6 83. Be4# 1-0

[Event "56.SMM B Naturns-Taufers"]
[Site "?"]
[Date "2024.11.16"]
[Round "2.1"]
[White "Balzarini, Franco"]
[Black "Gurschler, Gregor"]
[Result "0-1"]
[WhiteElo "1900"]
[BlackElo "1833"]
[PlyCount "94"]
[EventDate "2024.??.??"]

{[%evp 0,94,16,13,21,20,31,12,11,0,14,-24,-7,-24,-29,-21,-13,-7,6,-1,-1,-2,-4,-6,5,-17,-17,-14,-22,-116,-23,-29,-33,-34,-15,-22,-22,-26,-36,-26,-37,-42,-42,-50,-81,-81,-3,-20,-24,-24,-10,-29,-38,-41,-14,0,-23,-202,-203,-213,-215,-219,-226,-253,-252,-266,-276,-279,-290,-303,-200,-306,-231,-223,-199,-259,-214,-221,-215,-262,-270,-294,-301,-313,-332,-343,-325,-343,-312,-429,-432,-473,-498,-519,-523,-878,-1008]} 1. d4 d5 2. Nf3 Nf6 3. e3 e6 4. c4 c5 5. Nbd2 Nc6 6. Be2 cxd4 7. exd4 dxc4 8. Nxc4 Bb4+ 9. Bd2 Bxd2+ 10. Qxd2 O-O 11. O-O b6 12. Rfe1 Bb7 13. Rac1 Rc8 14. Nfe5 Ne7 15. Bf3 Bxf3 16. Nxf3 Qd5 17. b3 Rfd8 18. Nce5 h6 19. h3 Nf5 20. Rxc8 Rxc8 21. g4 Nd6 22. Rc1 Nfe4 23. Rxc8+ Nxc8 24. Qc2 Qb7 25. b4 Ncd6 26. a4 b5 27. a5 f6 28. Qc6 fxe5 29. Nxe5 Qxc6 30. Nxc6 Nc8 31. Nd8 Nc3 32. Kf1 Nd5 33. Nxe6 Nxb4 34. Nc7 Nc6 35. d5 Nxa5 36. Nxb5 Nc4 37. Ke2 Kf7 38. Kd3 N4d6 39. Nd4 Ne7 40. Ne2 Nxd5 41. Kd4 Ke6 42. f4 Nb5+ 43. Kc4 a6 44. h4 Ne3+ 45. Kd3 Nxg4 46. Ng3 Nd6 47. Nh5 Nf5 0-1

[Event "56.SMM B Naturns-Taufers"]
[Site "?"]
[Date "2024.11.16"]
[Round "2.3"]
[White "Haidacher, Gerold"]
[Black "Gurschler, Thomas"]
[Result "1-0"]
[WhiteElo "1897"]
[BlackElo "1853"]
[PlyCount "37"]
[EventDate "2024.??.??"]

{[%evp 0,37,16,18,68,82,103,86,94,71,70,16,51,15,72,72,71,38,66,26,55,17,66,84,82,-38,53,-4,8,-27,180,123,133,118,127,124,369,109,459,498]} 1. d4 g6 2. e4 Bg7 3. Nc3 c6 4. Be3 d5 5. Qd2 Nf6 6. f3 e6 7. e5 Nfd7 8. h4 h5 9. Bd3 c5 10. Nb5 O-O 11. c3 Nc6 12. g4 a6 13. Nd6 cxd4 14. cxd4 Qa5 15. gxh5 Qxd2+ 16. Kxd2 gxh5 17. Ne2 f5 18. Nf4 Kh7 19. Nxe6 1-0